|
|
|
|
| LEADER |
01009nam a22002894a 4500 |
| 001 |
28968 |
| 003 |
BD-DhAAL |
| 005 |
20190523114232.0 |
| 008 |
150312s2003 nyua b 001 0deng |
| 999 |
|
|
|c 33990
|d 33990
|
| 010 |
|
|
|a 2003048726
|
| 020 |
|
|
|a 0393731138 (pbk.)
|
| 040 |
|
|
|a DLC
|c DLC
|d DLC
|d BD-DhAAL
|
| 042 |
|
|
|a pcc
|
| 050 |
0 |
0 |
|a NA2560
|b .K24 2003
|
| 082 |
0 |
0 |
|a 720
|2 21
|
| 100 |
1 |
|
|a Kahn, Louis I.,
|d 1901-1974.
|9 9463
|
| 245 |
1 |
0 |
|a Louis Kahn :
|b essential texts /
|c edited by Robert Twombly.
|
| 260 |
|
|
|a New York :
|b W.W. Norton,
|c c2003.
|
| 300 |
|
|
|a 288 pages :
|b illustrations ;
|c 21 cm.
|
| 504 |
|
|
|a Includes bibliographical references (p. 281-282) and index.
|
| 526 |
|
|
|a ARC
|
| 541 |
|
|
|e 28968
|
| 650 |
|
0 |
|a Architecture.
|9 9464
|
| 700 |
1 |
|
|a Twombly, Robert C.
|9 9465
|
| 942 |
|
|
|2 ddc
|c BK
|
| 952 |
|
|
|0 0
|1 0
|2 ddc
|4 0
|6 720_000000000000000_KHA
|7 0
|9 53048
|a BRACUL
|b BRACUL
|c GEN
|d 2015-03-12
|e Trim Education
|g 2350.00
|l 11
|m 74
|o 720 KHA
|p 3010028968
|q 2026-05-18
|r 2026-04-19
|s 2026-04-19
|t 1
|w 2015-03-12
|y BK
|